000 03398cam a2200289 4500500
005 20260208004114.0
041 _afre
042 _adc
100 1 0 _aBen Barka, Ismahen
_eauthor
245 0 0 _a‪Des cornes de bélier pour la cueillette des olives‪
260 _c2026.
500 _a10
520 _a‪Cet article s’attache à l’étude des cornes de bélier, portées en doigtier, en tant qu’outil traditionnel de cueillette des olives, en l’analysant sous ses différents aspects, notamment l’immatérialité sous-jacente à la matérialité des cornes. Cette recherche est motivée par le peu d’intérêt témoigné aux outils traditionnels et aux dimensions qui leur sont associées, en particulier du point de vue anthropologique. Fondé sur une enquête de terrain, ce travail se veut une lecture anthropologique à partir d’indications ethnographiques et de données historiques spécifiques. La préparation des cornes ainsi que leur usage représentent un savoir-faire familial mais également artisanal saisonnier, exercé dans plusieurs régions de Tunisie. Les cornes passent par différentes étapes avant de devenir outil de récolte en harmonie avec la main, principal outil biologique, dans une intégration entre le naturel et le social, le biologique et le culturel, auxquels s’ajoute le caractère symbolique des cornes. Malheureusement le recours aux cornes pour la cueillette des olives tend à disparaître d’une région à l’autre, se limitant à quelques oliveraies. Cette étude se présente comme une manière de sauvegarder cet élément culturel menacé de disparition.‪
520 _aThis article examines the practice of rams’ horns being worn on the finger as a traditional tool during the olive harvest in Tunisia. It analyses different aspects of the practice, particularly the immateriality underlying the horns’ materiality. This research is inspired by the lack of interest hitherto in traditional tools and the various dimensions associated with them, in particular from an anthropological perspective. Drawing on fieldwork, this article is intended as an anthropological reading based on ethnographic insights and specific historical facts. The preparation of the horns as well as their use is a type of knowledge that is handed down in families and also a seasonal craft that is practiced in numerous regions in Tunisia. The horns go through different stages before they are transformed into a tool for the harvest, used in harmony with the harvester’s hand, their principal (biological) tool. The practice integrates natural and social aspects with biological and cultural ones, alongside the symbolic nature of horns as well. Sadly, this use of horns for the olive harvest is slowly disappearing, one region after the other, and can now only be found in a small number of olive farms. This study can thus also be regarded as a way of preserving this cultural feature threatened with extinction.
690 _aCornes
690 _aoutil
690 _asymbolisme
690 _atradition
690 _aTunisie
690 _aHorns
690 _asymbolism
690 _atool
690 _atradition
690 _aTunisia
786 0 _nCivilisations | - | 1 | 2026-01-28 | p. 191-202 | 0009-8140
856 4 1 _uhttps://shs.cairn.info/revue-civilisations-2024-1-page-191?lang=fr&redirect-ssocas=7080
999 _c1649386
_d1649386